000 01596ngm a22003970a 4500
001 PT13519
003 AR-LpoUNG
005 20210202000316.0
007 vd cvaizq
008 191001s1998||||ag |||||||||||||||||spa d
020 _a9504359264 (o.c.)
040 _aAR-LpoUNG
_bspa
_cAR-LpoUNG
_eaacr
041 _aspa
044 _aag
082 0 _a982 632v4
100 1 _aPigna, Felipe
_edir.
245 1 0 _aHistoria Argentina 1880 - 1909 :
_bprocesos socioeconómicos, políticos y culturales
260 _aBuenos Aires :
_bDiana,
_c1998.
300 _aVHS (60 min.) : son., col.
505 0 _aGuión: Carlos Mora, Marta Dino ; narración: Edgardo Pérez Morán ; asistencia: Natalia Incolla Garay, Sol Povarchik ; guión: Marta Dino, distribución: Mauro Ariel González ; colaboración: Karina Solano ; edición: Martín Gaztelu ; animación: Matías Alonzo, Federico Meliz. - Se acompaña con una guía de trabajo, inventario Nº 12516
520 _aContenido: Roca; la generación del ï80; La conquista del desierto; La revolución Industrial; El imperialismo; Juárez Celman; La paz armada; La ley de residencia; Quintana.
650 4 _aANALISIS HISTORICO
650 4 _aASPECTOS POLITICOS
650 4 _aCONFLICTOS ARMADOS
650 4 _aCULTURA
650 4 _aHISTORIA
650 4 _aPOLITCOS
650 4 _aSISTEMAS POLITICOS
651 4 _aArgentina
653 _aVIDEOS
653 _aVIDEOS DIDACTICOS
710 2 _aEscuela Superior de Comercio Carlos Pellegrini (Buenos Aires)
710 2 _aUniversidad de Buenos Aires
905 _a13519
942 _cVIDEO
999 _c54588
_d54588